Statistieken voor Europese landen met een IJ of Y in de naam

Klik hier om de quiz te nemen!

Algemene statistieken

  • Deze quiz is 44 keer genomen
  • De gemiddelde score is 6 van 8

Antwoordstatistieken

Antwoord% Correct
Hongarije
95%
IJsland
95%
Bulgarije
90%
Slowakije
86%
Frankrijk
81%
Oostenrijk
76%
Cyprus
71%
Verenigd Koninkrijk
52%

Scoreverdeling

Percentiel versus Aantal Correcte Antwoorden

Procent van Mensen met Elke Score

Uw Scoregeschiedenis

U heeft deze quiz nog niet genomen